[Event "Dutch Open"]
[Site "Dieren NED"]
[Date "2009.07.30"]
[EventDate "2009.07.21"]
[Round "9"]
[Result "1/2-1/2"]
[White "Anne Haast"]
[Black "Baskaran Adhiban"]
[WhiteElo "2158"]
[BlackElo "2481"]
[PlyCount "100"]

1. e4 c6 2. d4 d5 3. exd5 cxd5 4. c4 Nf6 5. Nc3 e6 6. Nf3 Bb4
7. cxd5 Nxd5 8. Bd2 Nc6 9. Bd3 Be7 10. O-O O-O 11. Ne4 Ndb4
12. Bb1 Nxd4 13. Bc3 Nxf3+ 14. Qxf3 Nd5 15. Rd1 Qc7 16. Rxd5
exd5 17. Ng3 Rd8 18. Qd3 g6 19. Qd4 f6 20. Bc2 Bf8 21. Bb3 Bg7
22. Ne4 Qe5 23. Qxe5 fxe5 24. Rd1 Kh8 25. Ng5 Rf8 26. Bxd5 h6
27. Nf7+ Kh7 28. h4 e4 29. Bb4 Re8 30. h5 Bf5 31. Nd6 Red8
32. g4 Bxg4 33. hxg6+ Kxg6 34. Bxe4+ Kf6 35. Re1 Be6 36. Bxb7
Bf8 37. Bc3+ Ke7 38. Bxa8 Rxa8 39. Ne4 Kf7 40. Re3 Bxa2
41. Rf3+ Ke6 42. Rf6+ Kd7 43. Ra6 Bc4 44. Nf6+ Kc7 45. Ra4 Bb5
46. Rg4 Kb7 47. Nh7 Bd6 48. Rg7+ Kc6 49. Nf6 Bd3 50. Ng4 Re8
1/2-1/2

[Event "4th Kolkata Open Grandmaster Chess Tournament 2009"]
[Site "Kolkata"]
[Date "2009.09.02"]
[EventDate "?"]
[Round "2"]
[Result "1/2-1/2"]
[White "Baskaran Adhiban"]
[Black "Aleksej Aleksandrov"]
[WhiteElo "2490"]
[BlackElo "2639"]
[PlyCount "101"]

1.e4 e5 2.Nf3 Nc6 3.Nc3 Nf6 4.Bb5 Nd4 5.Ba4 Bc5 6.Nxe5 O-O
7.Nd3 Bb6 8.e5 Ne8 9.Nd5 d6 10.Ne3 c6 11.c3 Nf5 12.O-O Bc7
13.f4 Nxe3 14.dxe3 Bf5 15.Nf2 dxe5 16.e4 Be6 17.f5 Bc4 18.Re1
Qxd1 19.Bxd1 f6 20.Be3 Nd6 21.Bb3 Rfd8 22.Red1 Bf7 23.Bxf7
Kxf7 24.b3 g6 25.g4 Bb6 26.Bxb6 axb6 27.Rd3 Ke7 28.Rh3 Rh8
29.a4 b5 30.a5 c5 31.Rd1 gxf5 32.exf5 c4 33.b4 h5 34.gxh5 Rag8
35.Kh1 Nxf5 36.Ne4 Rg4 37.Rd7 Kxd7 38.Nxf6 Ke6 39.Nxg4 Nd6
40.h6 Ne4 41.Re3 Kf5 42.h3 Rd8 43.Kg2 Kf4 44.Rf3 Kg5 45.Re3
Kf4 46.Rf3 Kg5 47.h7 Rh8 48.Re3 Kf4 49.Rf3 Kg5 50.Re3 Kf4
51.Rf3 1/2-1/2

[Event "4th Kolkata Open Grandmaster Chess Tournament 2009"]
[Site "Kolkata"]
[Date "2009.09.05"]
[EventDate "?"]
[Round "5"]
[Result "1-0"]
[White "Baskaran Adhiban"]
[Black "Vadim Malakhatko"]
[WhiteElo "2490"]
[BlackElo "2569"]
[PlyCount "107"]

1.e4 e6 2.d4 d5 3.Nd2 c5 4.exd5 Qxd5 5.Ngf3 cxd4 6.Bc4 Qd6
7.O-O Nf6 8.Nb3 Nc6 9.Nbxd4 Nxd4 10.Nxd4 a6 11.Re1 Qc7 12.Qe2
Bd6 13.Bg5 O-O 14.Bd3 Nd5 15.Qe4 g6 16.h4 Nf4 17.Rad1 e5
18.Bxf4 exf4 19.h5 Bg4 20.Be2 Rfe8 21.Qd3 Bxe2 22.Rxe2 Bf8
23.hxg6 hxg6 24.Rxe8 Rxe8 25.c3 Bc5 26.a3 Bb6 27.Qf3 Ba7
28.Nc2 a5 29.Nd4 Qb6 30.b4 axb4 31.axb4 Bb8 32.Nb3 Rd8 33.Nc5
Rxd1 34.Qxd1 Be5 35.Qd7 Bxc3 36.Qc8 Kg7 37.Na4 Qxb4 38.Qxc3
Qxc3 39.Nxc3 Kf6 40.Kf1 Ke5 41.Ke2 Kd4 42.Kd2 g5 43.f3 f5
44.Nd1 Ke5 45.Kc3 b5 46.Nf2 Kf6 47.Nd3 Ke6 48.Kd4 Kd6 49.Nb4
Ke6 50.Kc5 Kf6 51.Kd5 g4 52.Nd3 Kg5 53.Ke5 gxf3 54.gxf3 1-0

[Event "4th Kolkata Open Grandmaster Chess Tournament 2009"]
[Site "Kolkata"]
[Date "2009.09.06"]
[EventDate "?"]
[Round "6"]
[Result "1/2-1/2"]
[White "Eltaj Safarli"]
[Black "Baskaran Adhiban"]
[WhiteElo "2587"]
[BlackElo "2490"]
[PlyCount "47"]

1.e4 c5 2.Nf3 d6 3.d4 cxd4 4.Nxd4 Nf6 5.Nc3 Nc6 6.Bg5 e6 7.Qd2
Qb6 8.Nb3 Be7 9.O-O-O O-O 10.f3 a6 11.h4 Rd8 12.h5 Qc7 13.h6
g6 14.Qf4 Ne8 15.Bxe7 Qxe7 16.Qe3 b5 17.Nd4 Bb7 18.Bd3 Na5
19.Nb3 Nc6 20.f4 Rac8 21.Kb1 Nf6 22.Be2 Qc7 23.Bf3 Ne7 24.a3
1/2-1/2

[Event "4th Kolkata Open Grandmaster Chess Tournament 2009"]
[Site "Kolkata"]
[Date "2009.09.07"]
[EventDate "?"]
[Round "7"]
[Result "1/2-1/2"]
[White "Baskaran Adhiban"]
[Black "Parimarjan Negi"]
[WhiteElo "2490"]
[BlackElo "2615"]
[PlyCount "106"]

1.d4 d5 2.Nf3 Nf6 3.c4 c6 4.Nc3 dxc4 5.a4 Bf5 6.Ne5 Nbd7
7.Nxc4 Qc7 8.g3 e5 9.dxe5 Nxe5 10.Bf4 Nfd7 11.Bg2 g5 12.Ne3
gxf4 13.Nxf5 O-O-O 14.Qc2 Nc5 15.O-O fxg3 16.hxg3 a5 17.Rad1
h5 18.Rxd8 Qxd8 19.Rd1 Qf6 20.Ne4 Nxe4 21.Qxe4 Bb4 22.e3 Kb8
23.Nd4 h4 24.Qf4 Qxf4 25.gxf4 Nc4 26.Rb1 h3 27.Bh1 Nd2 28.Rc1
h2 29.Kg2 Ne4 30.Rc2 Nc5 31.b3 Nd3 32.Nf3 c5 33.Kg3 f6 34.e4
Ba3 35.e5 Bc1 36.exf6 Rg8 37.Kxh2 Bxf4 38.Kh3 Bd6 39.f7 Nf4
40.Kh4 Rg7 41.Ng5 Be7 42.Kg4 Ne6 43.f4 Bxg5 44.fxg5 Rxg5
45.Kh3 Rf5 46.Re2 Nf4 47.Kg4 Rxf7 48.Rf2 Nd3 49.Rxf7 Ne5
50.Kf5 Nxf7 51.Ke6 Ng5 52.Kd6 b6 53.Bg2 Nf7 1/2-1/2

[Event "4th Kolkata Open Grandmaster Chess Tournament 2009"]
[Site "Kolkata"]
[Date "2009.09.08"]
[EventDate "?"]
[Round "8"]
[Result "1/2-1/2"]
[White "Rauf Mamedov"]
[Black "Baskaran Adhiban"]
[WhiteElo "2626"]
[BlackElo "2490"]
[PlyCount "103"]

1.e4 e5 2.Nc3 Nf6 3.g3 Nc6 4.Bg2 Bc5 5.Nge2 a6 6.d3 d6 7.h3
Be6 8.Nd5 Bxd5 9.exd5 Ne7 10.d4 Bb6 11.O-O Nf5 12.dxe5 dxe5
13.c4 a5 14.Qd3 Nd6 15.Be3 Nd7 16.Rac1 Bxe3 17.Qxe3 b6 18.f4
Qe7 19.fxe5 Qxe5 20.Qxe5 Nxe5 21.c5 bxc5 22.Rxc5 Kd7 23.Nd4
Rhb8 24.Nc6 Nxc6 25.dxc6 Ke7 26.Re1 Kf8 27.Rc2 a4 28.Rd1 Rb5
29.Rd4 f6 30.Bf1 Re5 31.Rxd6 cxd6 32.c7 Ree8 33.Bg2 Rac8
34.Bb7 d5 35.b4 axb3 36.axb3 Ke7 37.Rc5 Kd6 38.Rxd5 Kxc7
39.Bxc8 Kxc8 40.Kf2 Kc7 41.Kf3 Kc6 42.Rd4 Re1 43.b4 Rb1 44.h4
Rb3 45.Kg2 h5 46.g4 hxg4 47.Rxg4 g5 48.hxg5 fxg5 49.Rg3 Rxg3
50.Kxg3 Kb5 51.Kg4 Kxb4 52.Kxg5 1/2-1/2

[Event "4th Kolkata Open Grandmaster Chess Tournament 2009"]
[Site "Kolkata"]
[Date "2009.09.09"]
[EventDate "?"]
[Round "9"]
[Result "1-0"]
[White "Chanda Sandipan"]
[Black "Baskaran Adhiban"]
[WhiteElo "2611"]
[BlackElo "2490"]
[PlyCount "81"]

1.d4 d5 2.c4 c6 3.Nf3 Nf6 4.Nc3 a6 5.cxd5 cxd5 6.Bf4 e6 7.e3
Bd6 8.Bxd6 Qxd6 9.Ne5 O-O 10.Bd3 b5 11.f4 Bb7 12.O-O Ne4
13.Bxe4 dxe4 14.Qb3 Bd5 15.Qc2 Rc8 16.Nxb5 Rxc2 17.Nxd6 Nc6
18.Rf2 Rxf2 19.Kxf2 Nxe5 20.fxe5 a5 21.b3 a4 22.bxa4 Rxa4
23.a3 f5 24.h4 Kf8 25.Kg3 g6 26.Kf4 h6 27.g4 Ke7 28.Nc8 Kf7
29.Nb6 Ra5 30.a4 Bb3 31.Rb1 Bc2 32.Rc1 Bb3 33.Rc5 Ra6 34.a5
Ke7 35.gxf5 gxf5 36.d5 exd5 37.Nxd5 Bxd5 38.Rxd5 Rg6 39.Kxf5
Rg3 40.a6 Rxe3 41.Ra5 1-0

[Event "4th Kolkata Open Grandmaster Chess Tournament 2009"]
[Site "Kolkata"]
[Date "2009.09.10"]
[EventDate "?"]
[Round "10"]
[Result "0-1"]
[White "Baskaran Adhiban"]
[Black "Tiger Hillarp Persson"]
[WhiteElo "2490"]
[BlackElo "2577"]
[PlyCount "64"]

1.e4 c5 2.Nf3 e6 3.d4 cxd4 4.Nxd4 a6 5.Nc3 Qc7 6.Bd3 Nf6 7.Qe2
d6 8.O-O Nbd7 9.Kh1 Be7 10.f4 b5 11.a4 b4 12.Na2 Bb7 13.Nxb4
Nc5 14.e5 Nfe4 15.Bc4 h5 16.Kg1 h4 17.Ra3 Qb6 18.a5 Qxb4 19.c3
Qxa3 20.bxa3 h3 21.gxh3 Rxh3 22.Qg4 Rxc3 23.Be2 dxe5 24.fxe5
O-O-O 25.Nf3 Nb3 26.Bb2 Bc5 27.Kh1 Re3 28.Qg2 Ned2 29.Bxa6
Bxa6 30.Nd4 Bb7 31.Nc6 Nxf1 32.a6 Ng3 0-1

[Event "48th World Junior Championship"]
[Site "Puerto Madryn ARG"]
[Date "2009.10.23"]
[EventDate "2009.10.22"]
[Round "2"]
[Result "1/2-1/2"]
[White "Baskaran Adhiban"]
[Black "Maxime Vachier-Lagrave"]
[WhiteElo "2490"]
[BlackElo "2718"]
[PlyCount "54"]

1. e4 c5 2. Nf3 e6 3. d4 cxd4 4. Nxd4 a6 5. Nc3 b5 6. Bd3 Bb7
7. O-O Nc6 8. Nxc6 Bxc6 9. Bf4 Bc5 10. Qh5 d6 11. e5 d5
12. Be3 d4 13. Bg5 Qc7 14. Ne4 Bxe4 15. Bxe4 Rc8 16. a4 Ne7
17. axb5 axb5 18. Bd3 Rb8 19. f4 Nf5 20. Ra6 g6 21. Qf3 O-O
22. Bf6 Rfc8 23. Rfa1 Ne3 24. Kh1 Nd5 25. Rf1 Nxf6 26. exf6
Bf8 27. g4 Rb6 1/2-1/2

[Event "48th World Junior Championship"]
[Site "Puerto Madryn ARG"]
[Date "2009.10.23"]
[EventDate "2009.10.22"]
[Round "3"]
[Result "1-0"]
[White "Dmitry Andreikin"]
[Black "Baskaran Adhiban"]
[WhiteElo "2659"]
[BlackElo "2490"]
[PlyCount "79"]

1. d4 d5 2. Nf3 Nf6 3. c4 c6 4. Nbd2 g6 5. e3 Bg7 6. b3 c5
7. Bb2 cxd4 8. Nxd4 O-O 9. Be2 b6 10. O-O Bb7 11. Rc1 Nbd7
12. b4 a5 13. c5 bxc5 14. bxc5 Ba6 15. c6 Nb6 16. Ba3 Ne8
17. Rb1 Nc8 18. Bxa6 Rxa6 19. N2b3 Ned6 20. Nc5 Ra8 21. Nd7
Re8 22. Qa4 Ne4 23. Rb7 Ncd6 24. Bxd6 Nxd6 25. Rfb1 e5 26. Nb3
d4 27. exd4 exd4 28. Nbc5 Rc8 29. g3 Qg5 30. Ra7 Qd5 31. Nd3
Qxc6 32. Qxc6 Rxc6 33. Rxa5 Rc3 34. Nf4 Nc4 35. Rd5 Nd2
36. Rb7 Ne4 37. a4 Rc1+ 38. Kg2 Rc2 39. Nd3 h5 40. N7e5 1-0

[Event "48th World Junior Championship"]
[Site "Puerto Madryn ARG"]
[Date "2009.10.24"]
[EventDate "2009.10.22"]
[Round "4"]
[Result "1-0"]
[White "Ulvi Bajarani"]
[Black "Baskaran Adhiban"]
[WhiteElo "2392"]
[BlackElo "2490"]
[PlyCount "69"]

1. d4 d5 2. c4 c6 3. cxd5 cxd5 4. Nc3 Nf6 5. Bf4 Nc6 6. e3 a6
7. Bd3 Bg4 8. f3 Bh5 9. Qb3 Ra7 10. Nge2 e6 11. O-O Be7
12. Bg3 Bg6 13. Nf4 Bxd3 14. Nxd3 O-O 15. Rac1 Nd7 16. Bf2 Na5
17. Qd1 b5 18. e4 dxe4 19. fxe4 Bg5 20. Rc2 Nc4 21. Qe2 Rc7
22. a4 bxa4 23. Nxa4 Nd6 24. Nac5 a5 25. Bg3 Nb8 26. Ne5 Be7
27. Qg4 Qc8 28. Rcf2 Nc6 29. Nxf7 Rxf7 30. Rxf7 Nxf7 31. Nxe6
Ng5 32. Bxc7 Nxd4 33. Bd8 Qxe6 34. Bxe7 Ngf3+ 35. gxf3 1-0

[Event "48th World Junior Championship"]
[Site "Puerto Madryn ARG"]
[Date "2009.10.25"]
[EventDate "2009.10.22"]
[Round "5"]
[Result "1-0"]
[White "Baskaran Adhiban"]
[Black "Hernan Catelli"]
[WhiteElo "2490"]
[BlackElo "2200"]
[PlyCount "135"]

1. e4 e6 2. d4 d5 3. Nd2 c5 4. exd5 exd5 5. Ngf3 Nc6 6. Bb5
Bd6 7. dxc5 Bxc5 8. O-O Nge7 9. Nb3 Bd6 10. Bg5 O-O 11. Bh4
Bg4 12. Bg3 Bxg3 13. hxg3 Qb6 14. Bd3 Nf5 15. Bxf5 Bxf5 16. c3
Rad8 17. Nfd4 Be4 18. Re1 Rfe8 19. Qe2 f6 20. Qb5 Qxb5
21. Nxb5 Bd3 22. N5d4 Ne5 23. Nc5 b6 24. Nce6 Rd7 25. Nf4 Ba6
26. a4 g5 27. Nh5 Kf7 28. a5 Bd3 29. axb6 axb6 30. g4 Ree7
31. f3 Ra7 32. Kh2 Ra5 33. Rxa5 bxa5 34. Ra1 Ra7 35. b3 Ra6
36. Ra4 Nd7 37. b4 axb4 38. Rxa6 Bxa6 39. cxb4 Bd3 40. Kg3 Ke7
41. Ng7 Kd6 42. Kf2 Bg6 43. Ke3 Nb6 44. g3 Nc4+ 45. Ke2 Ke5
46. Nc6+ Kd6 47. Nd4 Ke5 48. Nge6 h6 49. f4+ Ke4 50. Nb3 gxf4
51. gxf4 d4 52. f5 d3+ 53. Kf2 Be8 54. Nbc5+ Ke5 55. Nxd3+ Kd6
56. Kg3 Bf7 57. Nec5 Nb6 58. Ne4+ Ke7 59. Nf4 Nd5 60. Nxd5+
Bxd5 61. Kf4 Bc6 62. Ke3 Ba4 63. Nc3 Be8 64. b5 Kd6 65. Kd4
Bd7 66. Ne4+ Ke7 67. Kc5 h5 68. b6 1-0

[Event "48th World Junior Championship"]
[Site "Puerto Madryn ARG"]
[Date "2009.10.26"]
[EventDate "2009.10.22"]
[Round "6"]
[Result "0-1"]
[White "Ioannis Stavrianakis"]
[Black "Baskaran Adhiban"]
[WhiteElo "2273"]
[BlackElo "2490"]
[PlyCount "88"]

1. d4 Nf6 2. Bg5 e6 3. c4 c5 4. d5 exd5 5. cxd5 h6 6. Bh4 Qb6
7. Bxf6 Qxf6 8. Nc3 d6 9. Nf3 g6 10. e3 Bg7 11. Be2 O-O
12. O-O Nd7 13. a4 a6 14. Nd2 Qd8 15. Nc4 Nb6 16. Na3 Nd7
17. Nc4 Ne5 18. Qb3 Nxc4 19. Bxc4 Qa5 20. Ne2 Rb8 21. Qc2 Qb4
22. a5 Qxb2 23. Qxb2 Bxb2 24. Rab1 Ba3 25. Rb6 Bb4 26. Ra1 Rd8
27. Bxa6 Kf8 28. Bc4 Ra8 29. Rb5 Ra7 30. e4 Ke7 31. Nc1 Bd7
32. Rb6 Bxa5 33. Rb3 Rda8 34. Nd3 Bb4 35. Rxa7 Rxa7 36. Nxb4
Ra1+ 37. Bf1 Ba4 38. Nc6+ bxc6 39. Rb7+ Kf6 40. dxc6 Bxc6
41. Rb6 Bxe4 42. Rxd6+ Ke5 43. Rd8 c4 44. Re8+ Kd4 0-1

[Event "48th World Junior Championship"]
[Site "Puerto Madryn ARG"]
[Date "2009.10.27"]
[EventDate "2009.10.22"]
[Round "7"]
[Result "1-0"]
[White "Baskaran Adhiban"]
[Black "Thibaut Maenhout"]
[WhiteElo "2490"]
[BlackElo "2303"]
[PlyCount "105"]

1. e4 c5 2. Nc3 d6 3. Nf3 Nf6 4. d4 cxd4 5. Nxd4 a6 6. h3 e6
7. g4 d5 8. exd5 Nxd5 9. Bd2 b5 10. Bg2 Bb7 11. O-O Nxc3
12. Bxc3 Bxg2 13. Kxg2 Qd5+ 14. Qf3 Qxf3+ 15. Kxf3 Nd7
16. Rfe1 Nf6 17. Rad1 b4 18. Bd2 Nd5 19. Bg5 Be7 20. Nc6 Bxg5
21. Rxd5 Bf6 22. b3 O-O 23. Rc5 Rfc8 24. Re4 Kf8 25. Rec4 Bc3
26. Ke4 Rc7 27. Ra5 Ke8 28. Ra4 Kd7 29. Nxb4 Rxc4+ 30. bxc4
Bxb4 31. Rxb4 Kc6 32. c5 a5 33. Rb6+ Kc7 34. a4 Rd8 35. Ra6
f5+ 36. gxf5 exf5+ 37. Kxf5 Rd5+ 38. Ke6 Rxc5 39. Ra7+ Kb6
40. Rxg7 Rh5 41. f4 Rxh3 42. f5 Re3+ 43. Kd5 Rf3 44. Ke4 Ra3
45. f6 Rxa4+ 46. Ke5 Ra1 47. Rg4 Re1+ 48. Re4 Rf1 49. Rf4 Re1+
50. Kd6 Rd1+ 51. Ke7 Re1+ 52. Kd8 Rd1+ 53. Kc8 1-0

[Event "48th World Junior Championship"]
[Site "Puerto Madryn ARG"]
[Date "2009.10.30"]
[EventDate "2009.10.22"]
[Round "9"]
[Result "1/2-1/2"]
[White "Pandian Karthikeyan"]
[Black "Baskaran Adhiban"]
[WhiteElo "2449"]
[BlackElo "2490"]
[PlyCount "58"]

1. d4 Nf6 2. c4 e6 3. Nf3 b6 4. g3 Ba6 5. b3 b5 6. cxb5 Bxb5
7. Bg2 d5 8. O-O Nbd7 9. Nc3 Ba6 10. Bg5 Be7 11. Rc1 O-O
12. Bxf6 Bxf6 13. Re1 c6 14. Na4 Bb5 15. Nc5 Nxc5 16. Rxc5 Be7
17. Rc2 Bb4 18. Rf1 Qd6 19. Ne1 c5 20. dxc5 Bxc5 21. Nd3 Ba3
22. Qd2 Rac8 23. Rd1 a6 24. Bf1 Rc7 25. Nb2 Bb4 26. Qc1 Rfc8
27. Rxc7 Qxc7 28. Qxc7 Rxc7 29. a4 Be8 1/2-1/2

[Event "ch-IND National A"]
[Site "Mumbai IND"]
[Date "2009.12.01"]
[EventDate "2009.12.01"]
[Round "1"]
[Result "1/2-1/2"]
[White "Baskaran Adhiban"]
[Black "Shazuli Syed Anwar"]
[WhiteElo "2486"]
[BlackElo "2360"]
[PlyCount "71"]

1. d4 d5 2. c4 e6 3. Nf3 Nf6 4. Bg5 h6 5. Bxf6 Qxf6 6. Nbd2
Bb4 7. e3 O-O 8. a3 Bxd2+ 9. Qxd2 Rd8 10. cxd5 exd5 11. Rc1 c6
12. b4 a6 13. Be2 Bg4 14. O-O Nd7 15. a4 Rac8 16. Ne5 Bxe2
17. Nxd7 Rxd7 18. Qxe2 Re8 19. Qd3 Re6 20. b5 axb5 21. axb5
Qg6 22. Qxg6 Rxg6 23. Rc5 Kf8 24. Rfc1 Rdd6 25. Ra1 Rd7
26. Ra8+ Ke7 27. b6 Rd8 28. Rxd8 Kxd8 29. Ra5 Rd6 30. Ra8+ Ke7
31. Rb8 Rd7 32. h4 Kd6 33. Rc8 Ke7 34. Rb8 Kd6 35. Rc8 Ke7
36. Rb8 1/2-1/2

[Event "ch-IND National A"]
[Site "Mumbai IND"]
[Date "2009.12.02"]
[EventDate "2009.12.01"]
[Round "2"]
[Result "0-1"]
[White "N Sudhakar Babu"]
[Black "Baskaran Adhiban"]
[WhiteElo "2335"]
[BlackElo "2486"]
[PlyCount "50"]

1. d4 Nf6 2. c4 e6 3. Nf3 b6 4. g3 Ba6 5. Qb3 d5 6. cxd5 Qxd5
7. Qa4+ Qd7 8. Qc2 Nc6 9. Bg2 Rd8 10. O-O Nb4 11. Qd1 c5
12. a3 Nc6 13. e3 Bxf1 14. Bxf1 Bd6 15. Bb5 O-O 16. Qa4 Rc8
17. dxc5 bxc5 18. Nc3 Qc7 19. Ba6 Rcd8 20. Nb5 Qa5 21. Nc3
Qxa4 22. Nxa4 Na5 23. Nd2 Be7 24. Be2 Rd7 25. Bb5 Rxd2 0-1

[Event "ch-IND National A"]
[Site "Mumbai IND"]
[Date "2009.12.03"]
[EventDate "2009.12.01"]
[Round "3"]
[Result "1/2-1/2"]
[White "Baskaran Adhiban"]
[Black "Kantholi Rathnakaran"]
[WhiteElo "2486"]
[BlackElo "2421"]
[PlyCount "82"]

1. d4 Nf6 2. c4 c5 3. Nf3 g6 4. Nc3 Bg7 5. e4 cxd4 6. Nxd4 Nc6
7. Be3 Ng4 8. Qxg4 Bxd4 9. Bxd4 Nxd4 10. O-O-O Nc6 11. Qg3 a6
12. h4 e6 13. f4 h5 14. Qg5 b6 15. e5 Qxg5 16. hxg5 Ke7
17. Ne4 b5 18. Nd6 bxc4 19. Bxc4 a5 20. a3 Ba6 21. Ba2 Be2
22. Rd2 Bg4 23. Bb1 a4 24. Bc2 Ra5 25. Re1 Rha8 26. Kb1 Rd5
27. Rf2 Bf5 28. Bxf5 exf5 29. Rc1 Rd4 30. Nb5 Rd3 31. Rc3 Rd1+
32. Kc2 Rg1 33. Nc7 Nd4+ 34. Kd3 Rd1+ 35. Rd2 Rxd2+ 36. Kxd2
Ra5 37. Rd3 Ne6 38. Nd5+ Kd8 39. Ke3 Rb5 40. Rd2 Rb3+ 41. Nc3
Nc5 1/2-1/2

[Event "ch-IND National A"]
[Site "Mumbai IND"]
[Date "2009.12.04"]
[EventDate "2009.12.01"]
[Round "4"]
[Result "1/2-1/2"]
[White "Neelotpal Das"]
[Black "Baskaran Adhiban"]
[WhiteElo "2440"]
[BlackElo "2486"]
[PlyCount "165"]

1. c4 c5 2. Nf3 Nc6 3. d4 cxd4 4. Nxd4 Nf6 5. Nc3 e6 6. e3 d5
7. cxd5 exd5 8. Be2 Bd6 9. O-O O-O 10. b3 Nxd4 11. Qxd4 Qc7
12. Nb5 Bxh2+ 13. Kh1 Qb8 14. g3 Bxg3 15. fxg3 Ne4 16. Nc3
Nxg3+ 17. Kg2 Nxf1 18. Bxf1 Rd8 19. Ba3 Be6 20. Bd3 h6 21. Ne2
f6 22. Bb2 Re8 23. Bg6 Re7 24. Ba3 Rd7 25. Nf4 Bf7 26. Bf5 Rd8
27. Nd3 Re8 28. Rg1 Be6 29. Bxe6+ Rxe6 30. Qxd5 Qe8 31. Nf4
Qc6 32. e4 Qxd5 33. exd5 Re5 34. Rc1 g5 35. Ng6 Re2+ 36. Kf1
Rxa2 37. Bb4 Kf7 38. Ne7 a5 39. Bd6 Rd8 40. Rc7 Ke8 41. Nf5
Rd7 42. Ng7+ Kd8 43. Ne6+ Ke8 44. Ng7+ Kd8 45. Ne6+ Ke8
46. Ng7+ Rxg7 47. Rxg7 Rd2 48. Re7+ Kd8 49. Rxb7 Rxd5 50. Bg3
h5 51. Be1 Ke8 52. Kg2 h4 53. Ra7 Rb5 54. Bxa5 Rxb3 55. Be1
h3+ 56. Kh2 f5 57. Ra5 Rf3 58. Bg3 g4 59. Ra4 Rd3 60. Rf4 Rd5
61. Ra4 Rd2+ 62. Kh1 Rd1+ 63. Kh2 Rd2+ 64. Kh1 Kf7 65. Bf4 Re2
66. Rb4 Rc2 67. Rd4 Ra2 68. Rd7+ Kf6 69. Rd6+ Ke7 70. Rd5 Ke6
71. Rd6+ Ke7 72. Rd5 Ra1+ 73. Kh2 Ra2+ 74. Kh1 Rf2 75. Rd4 Ke6
76. Rd6+ Ke7 77. Rd4 Kf7 78. Rd7+ Kf6 79. Rd6+ Ke7 80. Rd4 Rf3
81. Kh2 Rf1 82. Bg5+ Kf7 83. Bf4 1/2-1/2

[Event "ch-IND National A"]
[Site "Mumbai IND"]
[Date "2009.12.05"]
[EventDate "2009.12.01"]
[Round "5"]
[Result "1-0"]
[White "Baskaran Adhiban"]
[Black "Rahul Sangma"]
[WhiteElo "2486"]
[BlackElo "2368"]
[PlyCount "49"]

1. d4 e6 2. c4 Nf6 3. Nf3 b6 4. g3 Ba6 5. Qb3 c5 6. d5 exd5
7. cxd5 c4 8. Qe3+ Qe7 9. Nc3 Bb7 10. Qxe7+ Bxe7 11. e4 O-O
12. Nd2 Re8 13. f3 Bb4 14. Kf2 Na6 15. Nxc4 Rac8 16. a3 Bxc3
17. bxc3 Nc5 18. Nd6 Nb3 19. Rb1 Rxc3 20. Be2 Rb8 21. Bb2 Rc2
22. Nxb7 Nd2 23. Rhc1 Rbc8 24. Rxc2 Rxc2 25. Rc1 1-0

[Event "ch-IND National A"]
[Site "Mumbai IND"]
[Date "2009.12.06"]
[EventDate "2009.12.01"]
[Round "6"]
[Result "0-1"]
[White "Subramanian Arun Prasad"]
[Black "Baskaran Adhiban"]
[WhiteElo "2570"]
[BlackElo "2486"]
[PlyCount "92"]

1. d4 Nf6 2. c4 e6 3. Nf3 b6 4. g3 Ba6 5. Qc2 Bb7 6. Bg2 c5
7. d5 exd5 8. cxd5 Nxd5 9. O-O Be7 10. Rd1 Qc8 11. a3 Nf6
12. Bg5 O-O 13. Nc3 Rd8 14. Bxf6 Bxf6 15. Nd5 Bxd5 16. Rxd5
Nc6 17. Rad1 Qc7 18. Ng5 Bxg5 19. Rxg5 Re8 20. Bd5 Re5
21. Rxe5 Qxe5 22. Be4 Re8 23. Bxh7+ Kh8 24. Rxd7 Nd4 25. Qd3
Qe6 26. Rxa7 g6 27. Bxg6 Qxg6 28. Qxg6 Nxe2+ 29. Kg2 fxg6
30. Rd7 Re6 31. Kf3 Nd4+ 32. Kf4 Kg8 33. Rb7 b5 34. Kg5 c4
35. f4 Kf8 36. h4 Nf3+ 37. Kg4 Nd4 38. Kg5 Ke8 39. Rg7 Nf3+
40. Kg4 Nd4 41. Kg5 Re3 42. Kxg6 Rxg3+ 43. Kf6 Rxg7 44. Kxg7
Ne6+ 45. Kf6 Nxf4 46. h5 Kf8 0-1

[Event "ch-IND National A"]
[Site "Mumbai IND"]
[Date "2009.12.07"]
[EventDate "2009.12.01"]
[Round "7"]
[Result "1-0"]
[White "Baskaran Adhiban"]
[Black "Jha Sriram"]
[WhiteElo "2486"]
[BlackElo "2497"]
[PlyCount "85"]

1. d4 d5 2. c4 c6 3. Nf3 Nf6 4. Nc3 a6 5. a4 e6 6. g3 dxc4
7. Bg2 c5 8. O-O Nc6 9. Ne5 Bd7 10. Nxd7 Qxd7 11. d5 exd5
12. Nxd5 Nxd5 13. Qxd5 Qxd5 14. Bxd5 Na5 15. Bf4 Be7 16. Bc7
Bd8 17. Bxa5 Bxa5 18. Bxb7 Ra7 19. Bd5 c3 20. Rac1 Re7 21. e4
f5 22. bxc3 fxe4 23. Rfe1 Kd8 24. Rxe4 Rhe8 25. f3 Kc7 26. Kf2
h6 27. Ke3 Re5 28. Rxe5 Rxe5+ 29. Be4 Re8 30. Kd3 Rb8 31. Kc4
Rb2 32. h4 Kd6 33. Rd1+ Ke7 34. Rd5 Bb6 35. Re5+ Kd6 36. Re8
Ra2 37. Kb3 Rg2 38. g4 h5 39. gxh5 Rh2 40. Rg8 Rxh4 41. Rxg7
Bd8 42. Rg6+ Ke5 43. h6 1-0

[Event "ch-IND National A"]
[Site "Mumbai IND"]
[Date "2009.12.09"]
[EventDate "2009.12.01"]
[Round "8"]
[Result "0-1"]
[White "Tejas Bakre"]
[Black "Baskaran Adhiban"]
[WhiteElo "2474"]
[BlackElo "2486"]
[PlyCount "122"]

1. Nf3 Nf6 2. c4 e6 3. Nc3 Bb4 4. g3 O-O 5. Bg2 d5 6. Qb3 Nc6
7. d4 Ne4 8. cxd5 Qxd5 9. Qxb4 Nxb4 10. Nxd5 Nc2+ 11. Kd1 Nxa1
12. Ne7+ Kh8 13. Rf1 Bd7 14. Ne5 Ba4+ 15. b3 Nxb3 16. axb3
Bxb3+ 17. Ke1 Nd6 18. Ba3 Rae8 19. Nd7 Nc4 20. Ng6+ hxg6
21. Bxf8 Ba4 22. Nc5 Bb5 23. Bxg7+ Kxg7 24. Bxb7 Rd8 25. Ba6
Bxa6 26. Nxa6 Rxd4 27. Nxc7 a5 28. f3 Rd7 29. Ne8+ Kf8 30. Nf6
Ra7 31. Kf2 a4 32. Rc1 Nd2 33. e4 Ra8 34. Nd7+ Kg7 35. Nc5 a3
36. Ke2 a2 37. Ra1 Nc4 38. Nd3 Ra3 39. Nc1 Re3+ 40. Kd1 Rxf3
41. Rxa2 Rf1+ 42. Kc2 Rh1 43. h4 Nd6 44. e5 Nc4 45. Ne2 Rh2
46. Kd3 Nxe5+ 47. Ke4 Ng4 48. Nc3 f5+ 49. Kf3 Rxa2 50. Nxa2 e5
51. Nc3 Kf6 52. Ne4+ fxe4+ 53. Kxg4 Ke6 54. Kh3 e3 55. Kg2 e2
56. Kf2 Kf5 57. Kxe2 Kg4 58. Kf2 e4 59. Ke3 Kxg3 60. Kxe4 Kxh4
61. Kf3 g5 0-1

[Event "ch-IND National A"]
[Site "Mumbai IND"]
[Date "2009.12.10"]
[EventDate "2009.12.01"]
[Round "9"]
[Result "1-0"]
[White "Baskaran Adhiban"]
[Black "Deepan Chakkravarthy J"]
[WhiteElo "2486"]
[BlackElo "2518"]
[PlyCount "77"]

1. d4 Nf6 2. c4 c5 3. Nf3 cxd4 4. Nxd4 e6 5. Nc3 a6 6. g3 Qc7
7. Bg2 Qxc4 8. O-O Qc7 9. e4 Nc6 10. Re1 Nxd4 11. e5 Nb5
12. Nxb5 axb5 13. exf6 gxf6 14. Bf4 Qb6 15. Rc1 d6 16. Qh5 Bd7
17. Bh3 e5 18. Bxd7+ Kxd7 19. Qxf7+ Be7 20. Be3 Qa5 21. Red1
Rac8 22. Bc5 Rc6 23. Bxd6 Rxd6 24. Rxd6+ Kxd6 25. Rd1+ Kc7
26. Qxe7+ Kb8 27. Qxf6 Re8 28. Qf7 Rc8 29. Qxh7 Qxa2 30. Rd7
Ka8 31. Qe4 Qa6 32. Qxe5 b4 33. Rd1 b3 34. Qe1 Qf6 35. Qd2 Rc2
36. Qa5+ Qa6 37. Qd8+ Ka7 38. Qd4+ Kb8 39. Qe5+ 1-0

[Event "ch-IND National A"]
[Site "Mumbai IND"]
[Date "2009.12.11"]
[EventDate "2009.12.01"]
[Round "10"]
[Result "1/2-1/2"]
[White "Santosh Gujrathi Vidit"]
[Black "Baskaran Adhiban"]
[WhiteElo "2459"]
[BlackElo "2486"]
[PlyCount "84"]

1. d4 Nf6 2. c4 e6 3. g3 d5 4. Bg2 dxc4 5. Nf3 c5 6. O-O Nc6
7. Ne5 Bd7 8. Na3 cxd4 9. Naxc4 Bc5 10. Qb3 O-O 11. Bf4 Rc8
12. Nd3 b6 13. Nxc5 bxc5 14. Bd6 Na5 15. Nxa5 Qxa5 16. Bxf8
Kxf8 17. Qd1 e5 18. b3 Bf5 19. Qc1 h6 20. Qb2 Qb4 21. Qc1 Kg8
22. h3 Bg6 23. Qe1 Qb6 24. Rc1 Be4 25. Qd2 Bxg2 26. Kxg2 Qc6+
27. Kh2 Ne4 28. Qd3 Nc3 29. Rxc3 dxc3 30. Rc1 Qf6 31. Qe3 Qa6
32. Rc2 Qd6 33. Rxc3 Qd4 34. Kg2 Qxe3 35. Rxe3 f6 36. Re4 a5
37. Ra4 Ra8 38. Rc4 Rc8 39. Ra4 Ra8 40. Kf3 Kf7 41. Rc4 Rc8
42. Ra4 Ra8 1/2-1/2

[Event "ch-IND National A"]
[Site "Mumbai IND"]
[Date "2009.12.12"]
[EventDate "2009.12.01"]
[Round "11"]
[Result "1/2-1/2"]
[White "Baskaran Adhiban"]
[Black "Geetha Narayanan Gopal"]
[WhiteElo "2486"]
[BlackElo "2593"]
[PlyCount "35"]

1. d4 Nf6 2. c4 c5 3. Nf3 cxd4 4. Nxd4 e6 5. Nc3 a6 6. g3 Qc7
7. Bg2 Qxc4 8. O-O Nc6 9. Nb3 d5 10. Bf4 Be7 11. a3 a5 12. Rc1
Qa6 13. a4 O-O 14. Nb5 Qb6 15. Bc7 Qa6 16. Bf4 Qb6 17. Bc7 Qa6
18. Bf4 1/2-1/2